Κατάλογος Βιβλιοθηκών Mediterranean College

Ο Άνθρωπος στα Δίκτυα της Manipulation (Record no. 401)

MARC details
000 -LEADER
fixed length control field 01308cam a22001814a 4500
005 - ΗΜΕΡΟΜΗΝΙΑ ΚΑΙ ΩΡΑ ΤΕΛΕΥΤΑΙΑΣ ΕΝΗΜΕΡΩΣΗΣ
Πεδίο ελέγχου 20250605163934.0
008 - FIXED-LENGTH DATA ELEMENTS--GENERAL INFORMATION
Πεδίο ελέγχου σταθερού μήκους 250528s ||||||||||||||||||||||||d
035 ## - SYSTEM CONTROL NUMBER
System control number 14783
040 ## - ΠΗΓΗ ΚΑΤΑΛΟΓΟΓΡΑΦΗΣΗΣ
Φορέας πρωτότυπης καταλογογράφησης MC Athens Campus Library
Γλώσσα καταλογογράφησης Ελληνικά, Μοντέρνα (1453-)
Modifying agency MC Athens Campus Library
Κανόνες περιγραφικής καταλογογράφησης AACR2
245 1# - ΤΙΤΛΟΣ ΚΑΙ ΔΗΛΩΣΗ ΥΠΕΥΘΥΝΟΤΗΤΑΣ
Τίτλος Ο Άνθρωπος στα Δίκτυα της Manipulation
260 ## - PUBLICATION, DISTRIBUTION, ETC.
Name of publisher, distributor, etc. Σκαραβαίος,
Date of publication, distribution, etc. 1993
300 ## - PHYSICAL DESCRIPTION
Extent 224
520 ## - SUMMARY, ETC.
Summary, etc. Η μελέτη αυτή επιχειρεί μια κοινωνικοψυχολογική ανάλυση των παραγόντων, που επηρεάζουν και διαμορφώνουν την επιθετική, κονφορμιστική ανθρώπινη συμπεριφορά, όπως αυτή σχεδιάζεται και μεθοδεύεται από τους μανιπουλάτορες των διαφόρων εποχών. Πρόλογος, Επιθετικότητα, Σκηνές Βίας στην Τηλεόραση, Η Τηλεόραση ως Κοινωνικοποιητικός Θεσμός, Οι Μηχανισμοί των Μαζικών Μέσων Επικοινωνίας, Οι Μηχανισμοί της Manipulation, Ο Άνθρωπος ως ''Ανοιχτό'' και ''Ατελές'' Ον.
700 1# - ΠΡΟΣΘΕΤΗ ΑΝΑΓΡΑΦΗ--ΦΥΣΙΚΟ ΠΡΟΣΩΠΟ
Personal name Τσαρδάκης Δημήτρης
9 (RLIN) 542
942 ## - ADDED ENTRY ELEMENTS (KOHA)
Koha item type Books
Holdings
Τύπος τεκμηρίου Βιβλιοθήκη Τρέχουσα τοποθεσία Barcode Αριθμός εισαγωγής Ημερομηνία απόκτησης Ταξιθετικό σύμβολο Αριθμός αντιτύπου Κατάσταση απόσυρσης Κατάσταση χαμένου Κατάσταση κατεστραμμένου Μη δανεισμός Σύνολο δανεισμών Ημερομηνία τελευταίας εμφάνισης Η τιμή ισχύει από
Books MC Athens Campus Library MC Athens Campus Library 9780000004000 4799 05/06/2025 302.54 TSA 1           05/06/2025 05/06/2025

MC Athens Campus Library
Πατησίων 94 & Κοδριγκτώνος 13, 104 34
Πελλήνης 8 & Πατησίων 107, 112 51
Τ: +30 210 8899600

MC Thessaloniki Campus Library
Ίωνος Δραγούμη 21, 54625 | Ίωνος Δραγούμη 15, 54625
Τ: +30 2310 287779 – Τ: +30 2314 440300